000 00304nam a2200109Ia 4500
008 220204s9999 xx 000 0 und d
082 _bRAM
100 _aRaman Nair, R
245 0 _aComputer application to library and information services
260 _aNew Delhi
_bEss Ess Publications
_c1992
942 _cBK
999 _c40683
_d40683